Son imparatorluk Osmanlı/ (Record no. 9020)
| 000 -BAŞLIK | |
|---|---|
| Sabit Uzunluktaki Kontrol Alanı | 02179nam a22003617a 4500 |
| 001 - KONTROL NUMARASI | |
| Control Dosyası | 0009048 |
| 003 - KONTROL NUMARASI KİMLİĞİ | |
| Kontrol Alanı | KOHA_MİRAKIL |
| 005 - EN SON İŞLEM TARİHİ ve ZAMANI | |
| Kontrol Alanı | 20260207001657.0 |
| 007 - FİZİKSEL TANIM SABİT ALAN - GENEL BİLGİ | |
| Sabit uzunluklu kontrol alanı | ta |
| 008 - SABİT UZUNLUKTAKİ VERİ ÖGELERİ - GENEL BİLGİ | |
| Sabit Alan | 091120b2009 tu |||gr||||#0|||0|tur | |
| 020 ## - ISBN - ULUSLARARASI STANDART KİTAP NUMARASI | |
| Isbn | 9752634907 |
| Kullanılabilirlik koşulları | 8,45 |
| 040 ## - KATALOGLAMA KAYNAĞI | |
| Özgün Kataloglama Kurumu | TR-BiSEU |
| Kataloglama Dili | tur |
| Çeviri Kurumu | TR-BiSEU |
| Açıklama Kuralları | rda |
| 041 0# - DİL KODU | |
| Metin ya da ses kaydının dil kodu | tur |
| 044 ## - YAYINLAYAN/ÜRETEN KURULUŞUN ÜLKE KODU | |
| ISO country code | tu |
| 050 ## - SINIFLAMA ve YER NUMARASI | |
| Sınıflama Numarası | DR486 |
| Yer Numarası | .O78 2009 |
| 100 1# - KİŞİ ADI | |
| Yazar Adı (Kişi adı) | Ortaylı, İlber. |
| 245 1# - ESER ADI BİLDİRİMİ | |
| Başlık | Son imparatorluk Osmanlı/ |
| Sorumluluk Bildirimi | İlber Ortaylı ; İlber Ortaylı. |
| 250 ## - BASIM BİLDİRİMİ | |
| Basım Bildirimi | 7. bs. |
| 264 #1 - ÜRERİM, YAYIN, DAĞITIM ve TELİF BİLDİRİMİ | |
| Yayın yeri | İstanbul : |
| Yayınlayan | Timaş Yayınları |
| Yayın tarihi | 2009 |
| 300 ## - FİZİKSEL TANIMLAMA | |
| Sayfa, Cilt vb. | 205 sayfa: resimli; 21 cm. |
| 336 ## - İÇERİK TÜRÜ | |
| Content type term | metin |
| Content type code | txt |
| Source | rdacontent |
| 337 ## - MEDYA TÜRÜ | |
| Media type term | aracısız |
| Media type code | n |
| Source | rdamedia |
| 338 ## - TAŞIYICI TÜRÜ | |
| Carrier type term | cilt |
| Carrier type code | nc |
| Source | rdacarrier |
| 490 1# - DİZİ BİLDİRİMİ | |
| Dizi Bildirimi | Timaş yayınları ; |
| Cilt Numarası | 1570. |
| 490 1# - DİZİ BİLDİRİMİ | |
| Dizi Bildirimi | Osmanlıyı Tarih Dizisi ; |
| Cilt Numarası | 13. |
| 505 ## - İÇİNDEKİLER NOTU | |
| İçindekiler Notu | "Osmanlı İmparatorluğu tarihin gerçek anlamdaki son üniversal, yani beynelmilel, cihanşümul imparatorluğudur. |
| 650 #0 - KONU BAŞLIĞI EK GİRİŞ - KONU TERİMİ | |
| Konusal terim veya coğrafi ad | Türkiye--Tarih 1299-1918. |
| 9 (RLIN) | 8179 |
| 650 #0 - KONU BAŞLIĞI EK GİRİŞ - KONU TERİMİ | |
| Konusal terim veya coğrafi ad | Osmanlı İmparatorluğu. |
| 9 (RLIN) | 4903 |
| 830 1# - SERİ EK GİRİŞİ - TEKBİÇİM ESER ADI | |
| Tekbiçim Başlık | Timaş yayınları ; |
| Volume number/sequential designation | 1570. |
| 9 (RLIN) | 8079 |
| 830 1# - SERİ EK GİRİŞİ - TEKBİÇİM ESER ADI | |
| Tekbiçim Başlık | Osmanlıyı Tarih Dizisi ; |
| Volume number/sequential designation | 13. |
| 9 (RLIN) | 22580 |
| 907 ## - LOCAL DATA ELEMENT G, LDG (RLIN) | |
| a | Tarih |
| 942 ## - EK GİRİŞ ÖGELERİ (KOHA) | |
| Source of classification or shelving scheme | Library of Congress Classification |
| Koha item type | Book |
| 505 ## - İÇİNDEKİLER NOTU | |
| -- | Akdeniz havzasındaki üç tarihî imparatorluktan birini kuranların torunları ve çocuklarıyız. Osmanlı'nın tarihini, kimliğini bilmek ve anlamak kolay değil; bütün etrafımızı, yani yeryüzünün en esaslı uygarlıklarını tanımamız, incelememiz, Osmanlı'nın kurumlarını, anlayışını, olaylara bakışını bilmemiz lazım. Osmanlı'yı tanıdıkça, araştırdıkça, okudukça kendimdaha çok sevecek ve tarihimize daha çok ısınacağız. |
| -- | Şüphesiz elinizdeki bu kitap da bu konuda okura yardımcı olma ve Osmanlı'ya dair yeni ufuklar açma iddiasındadır." |
| -- | İlber Ortaylı |
| -- | |
| -- | Geçmişten geleceğe tarihî gelişmelere ışık tutarken, tarihin bıraktığı izleri irdeleyen İlber Ortaylı Osmanlı'yı keşfetmeye devam ediyor. Ortaylı, bu sefer okuru Osmanlı'yı "son imparatorluk" yapan yönetim şekli, devletlerle olan ilişkileri, farklı kültürlere, dinlere yaklaşımı ve kurumlarıyla kısacası kendine özgü kimliğiyle keşfetmeye davet ediyor. |
| Materyal Türü | Kalıcı Konum | Mevcut Konum | Raf Yeri | Sınıflandırma Kaynağı | Edinim Bilgisi | Ana Konular | Alt Konular | Yer Numarası | Demirbaş Numarası | Fatura Tarihi | Maliyet, Alış Fiyatı | Maliyet, Yenileme Fiyatı | Geri Çekilme Durumu | Kayıp Durumu | Hasarlı Durumu | Kredi için değil | Kayıt Tarih | Toplam Ödünçverme | Son Görülme Tarihi | Son Kontrol Tarihi |
|---|---|---|---|---|---|---|---|---|---|---|---|---|---|---|---|---|---|---|---|---|
| Book | Prof. Dr. Azmi Özcan Kütüphanesi | Prof. Dr. Azmi Özcan Kütüphanesi | Uluğbey Salonu | Library of Congress Classification | Satın | DÜNYA TARİHİ (AVRUPA, ASYA, AFRİKA VB.) | Balkan Yarımadası | DR486 .O78 2009 | 0009048 | 20/11/2009 | 9.13 | 9.13 | 20/11/2009 | 25 | 05/12/2024 | 05/12/2024 |
